[PAROLES] Juste une minute - Zeg P (ft. Josman, SCH, Alonzo) - Statistiques

Statistiques générales
  • Ce quiz a été pris 31 fois
  • Le résultat moyen est 215 sur 349
Statistiques - réponses
Indice Paroles % Correct
un
100%
S
96%
à
92%
juste
92%
Juste
92%
minute,
92%
minute
92%
une
92%
de
88%
ma
88%
Ma
88%
ce
83%
son
83%
Couplet(Josman) | Outro (Josman & Alonzo) Boring,
79%
boring
79%
c'est
79%
C'est
79%
ex
79%
la
79%
Le
79%
le
79%
te
79%
Amore
75%
Amore,
75%
champagne
75%
coupe
75%
du
75%
mon
75%
Mon
75%
sa
75%
temps,
75%
carré,
71%
cher
71%
dans
71%
Elle
71%
elle
71%
en
71%
j'te
71%
se
71%
trop
71%
beaucoup
67%
c'quelle
67%
enfants
67%
était
67%
j'ai
67%
J'ai
67%
j'ai,
67%
les
67%
Les
67%
mais
67%
Refrain (Alonzo & SCH) | Refrain(Alonzo & SCH) Mais
67%
pour
67%
que
67%
sur
67%
terribles
67%
tu
67%
après
63%
ciel
63%
des
63%
dîner
63%
Diner
63%
fais
63%
j'suis
63%
laisse
63%
Post-refrain(Alonzo) Oh,
63%
Si
63%
va
63%
veut
63%
vie
63%
au
58%
bordel
58%
Champs,
58%
chandelles
58%
chérie
58%
comment
58%
donne
58%
étoilé,
58%
pense
58%
Pyramide
58%
qu'à
58%
sécurité,
58%
souvent
58%
spa
58%
aux
54%
Boeing
54%
côté
54%
Cote
54%
croisés
54%
d'Azur
54%
j'vais
54%
nos
54%
ou
54%
p'tite
54%
quand
54%
regards
54%
sont
54%
bloqué,
50%
Carla
50%
Graal,
50%
l'avant
50%
masser
50%
m'satisfaire ?
50%
plafond,
50%
resto
50%
accro,
46%
bébé
46%
Bruni
46%
célébrité
46%
devenir
46%
d'une
46%
d'vie
46%
être
46%
genre
46%
J'avoue
46%
model,
46%
moi
46%
monter
46%
Sarko',
46%
s'faire
46%
top
46%
toucher
46%
train
46%
vida
46%
bleu
42%
cabré,
42%
d'l'hotel
42%
j'aime
42%
l'hotel,
42%
même
42%
par-là
42%
partager
42%
pas
42%
prend
42%
sous
42%
toujours
42%
Couplet (SCH) Capot,
38%
carosse
38%
Chamonix
38%
cuir
38%
fancy,
38%
futilités,
38%
Glocké
38%
grosse
38%
oh-oh
38%
par-ci,
38%
qu'elle
38%
rentre
38%
rose,
38%
siège
38%
voir
38%
voiture
38%
voudrait
38%
besoin
33%
cheval
33%
devant
33%
jacuzzi
33%
j'pense
33%
l'éternité
33%
mailler,
33%
oh-oh-oh,
33%
Oh-oh-oh,
33%
on
33%
sais
33%
dure
29%
emmène-moi
29%
j'le
29%
j'ride
29%
plages
29%
plus
29%
sens,
29%
stabilité,
29%
tre-mon
29%
Barth'
25%
belles
25%
bise
25%
donc
25%
d'tranquilité
25%
j'fais
25%
l'feu
25%
l'peu
25%
mio,
25%
nourrice
25%
qu'ça
25%
Saint
25%
d'temps
21%
'Gram
21%
m'promener
21%
starifier
21%
tieks,
21%
tof
21%
d'Maurice,
17%
ieds-p
17%
J'passe
17%
J'vibe
8%
Aucun quiz correspondant
Distribution des résultats
% des personnes avec chaque résultat
Percentile par nombre de réponses
Votre historique - résultats
Vous n’avez pas pris ce quiz